Elementary psychology : with practical applications to education and conduct of life, including an outline of logic /

Bibliographic Details
Main Author: Baker, James H.
Format: eBook
Language:English
Published: New York, NY : Effingham Maynard and Company, Publishers, 1890, reprinted 1893.
Subjects:
Online Access:Connect to the full text of this electronic book

MARC

Tag First Indicator Second Indicator Subfields
LEADER 00000cmm a2200000Ma 4500
001 in00003522813
006 m o d
007 cr uuu---uuuuu
008 090318s1890 nyu o u eng d
005 20260612153046.4
035 |a (OCoLC)643948784 
040 |a GEBAY  |b ger  |c GEBAY  |d OCLCQ  |d DEBBG  |d UtOrBLW 
049 |a TXAM 
050 4 |a LB1051 
100 1 |a Baker, James H. 
245 1 0 |a Elementary psychology :  |b with practical applications to education and conduct of life, including an outline of logic /  |c James H. Baker. 
264 1 |a New York, NY :  |b Effingham Maynard and Company, Publishers,  |c 1890, reprinted 1893. 
300 |a 1 online resource (232 pages) 
336 |a computer dataset  |b cod  |2 rdacontent 
337 |a computer  |b c  |2 rdamedia 
338 |a online resource  |b cr  |2 rdacarrier 
340 |a Online-Ressource. 
500 |a "This work is an attempt to present, with applications, the more important principles of Psychology in a clear and concise form, arranged for High and Normal schools and adapted to the use of teachers and the general reader. The plan of the work, formed several years since, and pursued throughout the period of its preparation, is as follows: 1. The topics are selected for their essential importance and are treated concisely. 2. Such metaphysical discussion as does not belong to an elementary work is omitted or placed in footnotes. The importance of Physiological Psychology is duly regarded. 3. Practical applications of the science are made to Education and the Conduct of Life. 4. In connection with Thinking an outline of Logic is presented. 5. The presentation of many of the topics is inductive in the sense that typical instances precede the statement of principles. For emphasis and convenience the definitions and many principles, summaries, and inferences are printed in different type. 6. For fuller views on some of the topics and for comparison of opinions, references are made to a brief list of available works. 7. Exercises, calculated to test the skill and invite the research of the student, are placed at the end of each subject. The author believes that Practical Psychology has a place in Secondary Schools generally as well as in Normal Schools, because so many of the students of these schools complete their formal education in them, and because so many of them become teachers. In the experience of life every one is in some way a teacher, and every one should have in view at least the further development of his own powers"--Preface. (PsycINFO Database Record (c) 2006 APA, all rights reserved) -- Also issued in printing. 
500 |a Electronic resource. 
650 0 4 |a Psychophysiology. 
650 0 4 |a Psychology  |x Research. 
650 0 4 |a Psychology. 
650 0 4 |a Educational psychology. 
650 0 4 |a Conduct of life. 
650 0 4 |a Logic. 
655 7 |a Electronic books.  |2 local 
730 0 |a PsycBOOKs. 
856 4 0 |u http://proxy.library.tamu.edu/login?url=https://search.ebscohost.com/direct.asp?db=pzh&jid=200622804&scope=site  |z Connect to the full text of this electronic book  |t 0 
994 |a 92  |b TXA 
999 |a MARS 
999 f f |s 1733ca79-e08d-3f90-bed8-b531945f23c2  |i 3127a229-2060-310f-8986-75217987b1da  |t 0 
952 f f |a Texas A&M University  |b College Station  |c Electronic Resources  |s www_evans  |d Available Online  |t 0  |e LB1051  |h Library of Congress classification 
998 f f |a LB1051  |t 0  |l Available Online